000 01398nam2a2200241 4500
001 rc\3000820
005 20260315063724.0
035 _a(NLR Aleph) 007143960
090 _a13615397
_c13615397
100 _a20110920d1936 u y0rusy50 ca
101 0 _arus
102 _aRU
105 _ay z |||||
200 1 _aНеопределенные интегралы
_fСост. проф. Р.О. Кузьмин
210 _d[1936]
215 _a27 с.
461 0 _1001rc\3000819
_12001#$aМетодич[еское] письмо № ... по дополнительным главам анализа$fЛенингр. гос. заоч. ун-т им. А.С. Бубнова. Сектор заоч. обуч. Курсы высшей математики и теорет. механики для инж.$v№ 2
_97083831
_aЛенинградский заочный университет
_c[Ленинград]
_d[1936]
_fЛенингр. гос. заоч. ун-т им. А.С. Бубнова. Сектор заоч. обуч. Курсы высшей математики и теорет. механики для инж.
_nЛГЗУ
_tМетодич[еское] письмо № ... по дополнительным главам анализа
_v№ 2
702 1 _aКузьмин
_bР.О.
_4220
801 0 _aRU
_bNLR
_gpsbo
801 1 _aRU
_bELAR
_2rusmarc
852 _aNLR
_j36-20/12(2)
942 _cUNSPEC
980 _aNB